00800cam a2200205 450000100060000000300080000600500170001400800410003103500190007204000210009104100080011208200270012010000270014724500560017426000510023030000330028150002190031450400410053361000200057443569BD-RjUL20211209053722.0160625s1955 onc 0 eng u a(BD-RjUL)43687 aTUbengcBD-RjUL aeng00a332.110971 bNEB 1955 1 aNeufeld, Edward Peter.10aBank of Canada operations, 1935-54 /cE.P. Neufeld. aToronto :bUniversity of Toronto Press,c1955. aix, 221 p. :bill. ;c25 cm. a"An earlier draft ... was completed at the London School of Economics and Political Science in 1953 ... and was accepted by the University of London in partial fulfilment of the requirements for the Ph. D. (Econ.)" aIncludes bibliographical references.20aBank of Canada.